00629cam a22002411 4500001001300000003000400013005001700017008004100034010001700075035002000092040001700112042001200129050002300141100002700164245002000191260003500211300002000246500003700266630002600303752002200329752001900351999001700370he 66001331 DLC20260227111440.0840406s1966 is 000 0 heb  ahe 66001331  a(OCoLC)19164081 aDLCcMHdDLC apremarc00aBM504.2b.O9 1878a0 aOzer ben Meir,d-1710.10aEven ha-ʻOzer. a[Jerusalem] :b[s.n.]c[1966?] a80 p. ;c25 cm. aPhoto-offset of Warsaw, 1878 ed.00aTalmudxCommentaries. aIsraeldJerusalem aPolanddWarsaw c31873d31873